[Event "Turnier 40 / 120"]
[Site "Wien"]
[Date "2022.05.06"]
[Round "97"]
[White "MCGE ARM CORTEX M7 - 300 MHZ"]
[Black "MCGP ARM CORTEX M4 - 120 MHZ"]
[Result "0-1"]
[BlackElo "2291"]
[WhiteElo "2405"]

1. d4 {Analysetool: Komodo 12.1.1.} Nf6 2. g3 c5 3. d5 b5 4. Bg2 Bb7
{Buchende} 5. e4 {Buchende} e6 {Buchbewertung MCGP: +0,15} 6. a4
{Buchbewertung MCGE: 0,00 / lt. Komodo steht Weiss etwas besser mit ca.
+0,50} a6 {deutlich besser ist b4, nach dem Textzug ist Weiss bereits mit
+1,00 im Vorteil} 7. Bf4 {besser sind Se2 oder Sh3, Komodo +0,70 für Weiss}
d6 8. dxe6 fxe6 9. f3 {deutlich besser ist Sf3, nach dem Textzug ist die
Stellung wieder im Lot} Nc6 10. Bh3 e5 11. Be3 {klar schwächer als Lg5,
danach ist Schwarz bereits etwas im Vorteil, Komodo +0,60 mit der
Fortsetzung Le7} b4 {klar schwächer als Le7 oder d5, Komodo +0,40 für
Schwarz, aber es ist klar, dass beide Geräte in dieser sehr komplexen
Stellung nicht die idealen Züge finden können, hier beende ich vorläufig
die Kommentierung} 12. Nd2 Be7 13. Nc4 Qc7 14. c3 bxc3 15. bxc3 Na5 16.
Nxa5 Qxa5 17. Ne2 Bc6 {die Stellung ist wieder im Lot} 18. Be6 Rb8?
{deutlich besser ist Td8, nach dem Textzug ist Weiss wieder im Vorteil,
Komodo +0,80 mit der Fortsetzung 0-0} 19. O-O Rb2 20. Bb3 {ein schwacher
Zug, danach ist die Stellung wieder im Lot, klaren Vorteil für Weiss
versprach entweder Tf2 oder Tb1} c4! {der richtige Zug, Komodo 0,00} 21.
Bxc4 Nd7? {ein ganz schwacher Zug, danach ist Weiss ganz klar im Vorteil,
Komodo +1,70 mit der Fortsetzung Dc1, nötig war d5 mit Ausgleich} 22. Qc1
Rb7 23. Qd2 Rf8 24. Kg2 Nb6 25. Qa2? {deutlich schwächer als Lxb6 oder Le6,
Komodo -0,70 mit der Fortsetzung Sxc4} Nxc4 26. Qxc4 Kd7? {deutlich
schwächer als Dc7, Komodo +1,70 mit der Fortsetzung Sc1} 27. Rfb1? {ein
schwacher Zug, der Schwarz wieder Chancen einräumt, nach Sc1 wär Weiss
schon entscheidend im Vorteil, nach dem Textzug nur noch knapp mit ca.
+0,50} Rxb1 28. Rxb1 Bd8? {ganz schwach, danach ist Weiss wieder klar im
Vorteil, Komodo +1,20 mit der Fortsetzung Dd3, nötig war Dxa4 mit nur
geringem Vorteil für Weiss} 29. Ng1? {ein absurder Zug, stellt die Partie
auf den Kopf, danach steht Schwarz bereits besser, Komodo +0,40 mit der
Fortsetzung Dxa4} Qxa4 30. Rb7+? {gleich nochmals schwach, damit ist
Schwarz bereits klar im Vorteil, Komodo +1,00 mit der Fortsetzung Lc7,
deutlich besser war De2} Bc7 31. Qxa4 Bxa4 32. Bb6 Rc8 33. Ra7 Bb5 {die
Stellung ist bereits klar verloren für Weiss, Komodo -1,30, Stockfish 15
bewertet hier bereits mit -4,00} 34. f4 Kc6 35. Bxc7 Rxc7 36. Rxc7+ {und
nochmals ganz schlecht, mehr Widerstand bot noch Ta8, nach dem Textzug ist
nichts mehr zu retten für Weiss, Komodo -2,50} Kxc7 37. fxe5 {und gleich
nochmals schwach, deutlich mehr Widerstand bot noch Sf3, verliert aber auch
schon klar mit -2,50, nach dem Textzug ist Schwarz bereits mit +3,50 im
Vorteil} dxe5 {dieser naheliegende Zug ist deutlich schwächer als a5,
gewinnt aber natürlich auch noch leicht, Komodo +2,70} 38. Nf3 {besser ist
noch Kf3, Komodo -3,50} a5 39. Kf2 a4 40. Nd2 a3 41. Nb3 Bc4 42. Na1 Kc6
43. Ke3 Kb5 44. Kd2 Ka4 45. Kc2 Bb5 46. c4 Bxc4 {der weisse Bauer e4 wird
in der Folge vom Läufer attackiert, wenn der König ihn verteidigt wird
natürlich der weisse Springer vom schwarzen König attackiert, daher
Userentscheid: 0-1, eine ganz schwache Leistung des Favoriten, der Zug 29.
Sg1 ???? kann nur noch unter dem Titel "Kuriositäten" geführt werden.} 0-1
[/pgn]
[pgn]

[Event "Turnier 40 / 120"]
[Site "Wien"]
[Date "2022.05.07"]
[Round "98"]
[White "MCGP ARM CORTEX M4 - 120 MHZ"]
[Black "MCGE ARM CORTEX M7 - 300 MHZ"]
[Result "1-0"]
[BlackElo "2405"]
[WhiteElo "2291"]

{Analysetool: Komodo 12.1.1.} 1. e4 e5 2. Nc3 Nc6 3. Nf3 Nf6 4. d4 exd4 5.
Nxd4 {Buchende} Bc5 6. Be3 Bb6 7. Nxc6 bxc6 8. e5 Bxe3 {Buchende} 9. exf6
{lt. Komodo ist die Stellung exakt ausgeglichen 0,00} Bh6 10. Qe2+ Kf8 11.
fxg7+ Bxg7 12. Qe3 Qe7 13. Be2 Qxe3 14. fxe3 Rb8 15. O-O-O Bxc3 {weniger
gut, besser ist Ke7} 16. bxc3 d6 17. Rhf1 Be6 18. a4 Kg7 19. Rd4 a5 20. Rf3
Rbe8 21. Kd2 Re7 22. Rdf4 c5 23. Rg3+ Kf8 24. Bb5 Bd5 25. Rg5 Be4 26. g3
Rg8 27. Rh5 Bg6 28. Rhh4 {eine bis zu diesem Zeitpunkt ereignislose, wenn
man es schöner ausdrücken will, fehlerfreie Partie beider Geräte, die immer
noch im Lot ist, Komodo 0,00} Kg7 29. Rf1 Rb8 30. Rhf4 Re4 31. Rxe4 Bxe4
32. Rf4 Bg6 33. Kc1 f6 34. Rg4 Rf8 35. Kd2 Rf7 36. Be2 Re7 37. Bd3 Re5 38.
Rf4 Rg5 39. Bb5 Rh5 40. h4 Rd5+ 41. Bd3 Bh5 42. e4 Re5 43. Bb5 Bf7 44. Kd3
Bg6 45. c4 f5 46. exf5 Rxf5 47. Rxf5 Bxf5+ 48. Kd2 Kf6 49. c3 Bc8 50. Bc6
Kf5 51. Ke3 Kg4 52. Kf2 Be6 53. Bb5 Kh3 {die Stellung ist Remis, Komodo
0,00} 54. Kf3 Kh2? {ein absurder Zug, der die Partie sofort verliert Komodo
+3,00 mit der Fortsetzung h5, der MCGP hätte den richtigen Zug Lg4+
vorgeschlagen, der zum Remis führt, was bitte will der König dort
attackieren ?} 55. h5 h6 56. Kf4 Kh3 {MCGE: +0,25 ahnt bei einer
Rechentiefe von 16 HZ noch nichts schlimmes, die Stellung ist natürlich
klar verloren, Komodo -3,50 mit der Fortsetzung Lc6} 57. Bc6! {und der MCGP
ergreift die Chance, bewertet zwar erst mit 0,00, aber das wird sich bald
ändern, der Kurs stimmt für Weiss} Bxc4 {MCGE: -0,28 ahnt nur ein kleines
Unheil} 58. Bd7+! {natürlich der richtige Zug, der König wird
zurückgedrängt, damit ist die Partie endgültig gelaufe, MCGP zwar nur +0,04
aber die Richtung stimmt.} Kg2 {MCGE: -0,92 jetzt fällt der Groschen
allmählich} 59. g4 d5 {beschleunigt den Verlust, besser war noch Le2,
verliert aber natürlich auch schon, Komodo +5,50 mit der Fortsetzung Le6}
60. Be6! {der Aussenseiter macht hier alles richtig und lässt den Gegner
nicht mehr aufkommen} Bd3 61. Bxd5+ {Userentscheid: 1-0} 1-0
[/pgn]
[pgn]

[Event "Turnier 40 / 120"]
[Site "Wien"]
[Date "2022.05.08"]
[Round "99"]
[White "MCGE ARM CORTEX M7 - 300 MHZ"]
[Black "MCGP ARM CORTEX M4 - 120 MHZ"]
[Result "1-0"]
[BlackElo "2291"]
[WhiteElo "2405"]

{Analysetool: Komodo 12.1.1.} 1. e4 e6 2. d4 d5 3. Nd2 Nf6 4. Bd3 c5
{Buchende} 5. dxc5 Bxc5 6. Qe2 Nc6 {MCGP wieder im Buch} 7. Ngf3 O-O 8. O-O
{Buchende} Nb4 {Buchbewertung MCGP: +0,03} 9. e5 {Buchbewertung MCGE: +0,18
/ lt. Komodo steht Weiss etwas besser mit ca. +0,30} Nd7 10. Nb3 Nxd3 11.
cxd3 Be7 12. Bd2 b6 13. Nbd4 Bb7 14. Rac1 Rc8 15. b4 Rxc1 16. Rxc1 Qb8 17.
b5 Nc5 18. Nc6 Bxc6 19. bxc6 Qc7 {klar schwächer als Dc8, Komodo +0,80 mit
der Fortsetzung d4} 20. h3 {dieser Zug bringt allerdings gar keinen Vorteil
für Weiss, Komodo -0,10 mit der Fortsetzung Dc8} Rd8 {klar schwächer als
Dc8, Komodo +0,90 mit der Fortsetzung d4} 21. d4 Ne4 22. Qd3 {klar
schwächer als Le1} Nxd2 23. Nxd2 g6 24. Nf3 Kg7 25. Rc2 Rb8 26. a4 Rc8 27.
Qa6 {Weiss steht nur knapp besser, Komodo +0,50} Rb8 {besser ist Lb4,
Komodo +1,00 für Weiss mit der Fortsetzung Se1} 28. Ne1 Bg5 29. Nd3 Kg8 30.
Kf1 Kg7 31. g3 Be7 32. Kg2 Bg5 33. Nb4 Be7 34. Qb5 Rf8? {ein absoluter
Verlustzug, danach ist die Partie sofort verloren, Komodo +4,50 mit der
Fortsetzung Sa6, nötig war Lxb4 mit ca. +1,00 für Weiss} 35. Na6 Qc8 36. c7
f6 37. Nb8 fxe5 38. Nd7 Rh8 39. Qc6 exd4 40. Qxe6 Re8 41. Qxd5 d3 42. Qxd3
Qa8+ 43. f3 Qc8 44. Qd4+ Kf7 45. Rc6 Kg8 46. h4 b5 47. axb5 g5 {Komodo Matt
in 10} 48. Rh6 Qxc7 49. Qd3 {nach 2 Sekunden Bedenkzeit zieht der Favorit
sofort mitsamt Mattankündigung in 8 !!} Qxd7 50. Qxh7+ Kf8 51. Rg6 Qd2+ 52.
Kh3 Qd7+ 53. g4 Qxg4+ 54. fxg4 Bf6 55. Rg8# 1-0
[/pgn]
[pgn]

[Event "Turnier 40 / 120"]
[Site "Wien"]
[Date "2022.05.09"]
[Round "100"]
[White "MCGP ARM CORTEX M4 - 120 MHZ"]
[Black "MCGE ARM CORTEX M7 - 300 MHZ"]
[Result "1/2-1/2"]
[BlackElo "2405"]
[WhiteElo "2291"]

{Analysetool: Komodo 12.1.1.} 1. d4 Nf6 2. Nf3 g6 3. c4 Bg7 4. Nc3 O-O 5.
Bg5 c5 6. e3 d6 7. Be2 h6 8. Bh4 {Buchende} cxd4 9. Nxd4 {Buchbewertung
MCGP: +0,01} Nc6 10. O-O Bd7 {Buchende} 11. Qb3 b6 {Buchbewertung MCGE:
+0,12 / lt. Komodo steht Weiss knapp besser mit ca. +0,30} 12. Rad1 Nxd4
13. exd4 Bc6 14. d5 Bb7 15. Bd3 g5 16. Bg3 Nh5 17. Bf5 Nxg3 18. hxg3 Bc8
19. Bd3 Qc7 20. Rde1 a6 21. Na4 Rb8 22. Nc3 e5 23. Qa3 {weniger gut,
deutlich besser ist dxe6} f5 24. f3 {deutlich besser ist g4, Komodo +0,80
mit der Fortsetzung Dc5+} Qc5+ 25. Qxc5 bxc5 26. Rb1 Bd7 27. Bc2 a5
{deutlich besser ist Tb4} 28. b3 e4 29. Ne2 {besser ist Sb5, nach dem
Textzug ist Schwarz bereits klar im Vorteil, Komodo +1,50 mit der
Fortsetzung Tfe8} Rfe8 30. Kf2 Bd4+? {ein schwacher Zug, der nahezu den
gesamten Vorteil verspielt, Komodo -0,20 mit der Fortsetzung Sxd4, nach Te7
wäre Schwarz mit ca. +1,50 klar im Vorteil} 31. Nxd4 cxd4 32. Rbe1 {besser
ist Tfe1, Komodo +1,00 mit der Fortsetzung Te5} d3 {etwas besser ist Te5,
Komodo +0,70} 33. Bd1 Re5 34. Re3 Rbe8 35. g4 f4? {ein ganz schlechter Zug,
danach wechselt der Vorteil auf die Seite von Weiss, Komodo +0,80 mit der
Fortsetzung Txe4, nötig war fxg4 mit ca. +0,80 für Schwarz} 36. Rxe4 Rxe4
37. fxe4 Rxe4? {deutlich besser sind h5 oder Kg7, nach dem Textzug ist die
Partie bereits verloren für Schwarz, Komodo +1,50 mit der Fortsetzung Te1,
klar der D-Bauer von Schwarz ist sowieso ein Kind des Todes und Weiss hat
am Damenflügel 4 gegen 2 Bauern, da ist nichts mehr zu holen für Schwarz,
der auch den Turmtausch nicht mehr vermeiden kann} 38. Bf3? {damit ist
allerdings kein Blumentopf zu gewinnen, Komodo -0,50 mit der Fortsetzung
Td4} Re7? {Komodo sieht in diesem Zug keinen Fehler, lt. Stockfish 15 ist
die Partie damit sofort verloren, er bewertet gleich mit +5,00 für Weiss,
aber eigentlich sollte man hier kein Fragezeichen vergeben, wenn nicht mal
eine Engine wie Komodo hier im 40. HZ einen Verlust sieht (das bewertet
Komodo immer noch mit 0,00), wie soll es dann ein Oldie bemerken.} 39. Re1
Kf7 {also an dieser Stelle schwächelt Komodo, er sieht diese Stellung noch
ausgeglichen, während Stockfish 15 bereits mit +5,00 für Weiss bewertet mit
der Fortsetzung a3} 40. a3! {der richtige Zug, Weiss steht klar auf Gewinn,
Stockfish 15: +5,00} Be8 41. Rxe7+ {erst jetzt erkennt Komodo den Gewinn,
+3,00 für Weiss} Kxe7 42. Ke1 Kf6 43. Kd2 Bg6 44. b4 axb4 45. axb4 Ke7 46.
c5 Kd7 47. c6+? {mit diesem Zug verschenkt Weiss den Sieg, gewonnen hätten
entweder b5 oder Kc3, nach dem Textzug ist die Partie Remis, Komodo 0,00}
Kc7 48. Kc3 Kb6 49. Kc4 Kc7 50. Kb3 Kb6 51. Kc3 Bh7 52. Kd2 Bg6
{Userentscheid: Remis} 1/2-1/2
[/pgn]